[Event "Ruhrgebiet Verbandsklasse Gruppe 3 1718"]
[Site "Germany"]
[Date "2018.01.14"]
[Round "5.4"]
[White "Nowok, Frank"]
[Black "Garbuz, Vitaliy"]
[Result "1/2-1/2"]
[WhiteElo "1865"]
[BlackElo "1979"]
[PlyCount "88"]
[EventDate "2017.09.17"]
[EventType "team-tourn"]
[EventRounds "9"]
[EventCountry "GER"]
[SourceTitle "EXT 2022"]
[Source "ChessBase"]
[SourceDate "2021.10.06"]
[SourceVersion "1"]
[SourceVersionDate "2021.10.06"]
[SourceQuality "1"]
[WhiteTeam "Hervest Dorsten"]
[BlackTeam "Brackel SF III"]
[WhiteTeamCountry "GER"]
[BlackTeamCountry "GER"]

1. e4 e5 2. Nf3 Nc6 3. Bc4 Nf6 4. d3 Bc5 5. c3 d6 6. Bb3 0-0 7. h3 a6 8. Bg5 h6 9. Bh4 g5 10. Nxg5 hxg5 11. Bxg5 d5 12. Qf3 Be7 13. Bh6 Kh8 14. Bxf8 Qxf8 15. Bxd5 Nd8 16. Nd2 c6 17. Bb3 b5 18. Bc2 Ne6 19. a3 Qh6 20. Nf1 Nf4 21. Ne3 Bc5 22. 0-0-0 Be6 23. Rd2 Rg8 24. g3 N4h5 25. d4 Bd6 26. Kb1 exd4 27. cxd4 Bxg3 28. Rdd1 Bf4 29. Rhg1 Bxe3 30. Rxg8+ Kxg8 31. fxe3 Ng7 32. Rf1 Ngh5 33. Rg1+ Kf8 34. Bd1 Ng7 35. Rf1 Ke7 36. Rg1 Nge8 37. e5 Nd5 38. e4 Nf4 39. Rf1 Ng6 40. Qc3 Qxh3 41. Qb4+ Kd8 42. Rg1 Qh2 43. Qe1 Nc7 44. Bg4 Qh4 1/2-1/2

[Event "Ruhrgebiet Verbandsklasse Gruppe 3 1718"]
[Site "Germany"]
[Date "2017.10.08"]
[Round "2.4"]
[White "Jungbluth, Michael"]
[Black "Nowok, Frank"]
[Result "1/2-1/2"]
[WhiteElo "1860"]
[BlackElo "1875"]
[PlyCount "73"]
[EventDate "2017.09.17"]
[EventType "team-tourn"]
[EventRounds "9"]
[EventCountry "GER"]
[SourceTitle "EXT 2022"]
[Source "ChessBase"]
[SourceDate "2021.10.06"]
[SourceVersion "1"]
[SourceVersionDate "2021.10.06"]
[SourceQuality "1"]
[WhiteTeam "Wanne-Eickel SV Unser Fritz"]
[BlackTeam "Hervest Dorsten"]
[WhiteTeamCountry "GER"]
[BlackTeamCountry "GER"]

1. d4 Nf6 2. c4 g6 3. Nc3 d5 4. cxd5 Nxd5 5. e4 Nxc3 6. bxc3 Bg7 7. Nf3 c5 8. Rb1 Nc6 9. d5 Na5 10. Bb5+ Bd7 11. e5 0-0 12. Qe2 Bg4 13. c4 Rc8 14. Bd2 a6 15. Ba4 Bxf3 16. gxf3 Nxc4 17. Qxc4 b5 18. Bxb5 axb5 19. Rxb5 Bxe5 20. Bh6 Re8 21. Rxc5 Qd7 22. Rc6 Rcd8 23. f4 Bf6 24. Bg5 Qh3 25. Qe4 Bc3+ 26. Ke2 Rb8 27. Rc1 Rb2+ 28. Rc2 Rxc2+ 29. Qxc2 Bg7 30. Qd3 Qg4+ 31. Qf3 Qd7 32. Kf1 h6 33. Bh4 Ra8 34. d6 exd6 35. Rxd6 Qb5+ 36. Qd3 Qxd3+ 37. Rxd3 1/2-1/2

[Event "Ruhrgebiet Verbandsklasse Gruppe 1 1617"]
[Site "Germany"]
[Date "2017.02.19"]
[Round "7.4"]
[White "Lemke, Philipp"]
[Black "Nowok, Frank"]
[Result "1-0"]
[WhiteElo "1785"]
[BlackElo "1920"]
[PlyCount "65"]
[EventDate "2016.09.04"]
[EventType "team-tourn"]
[EventRounds "9"]
[EventCountry "GER"]
[SourceTitle "EXT 2022"]
[Source "ChessBase"]
[SourceDate "2021.10.06"]
[SourceVersion "1"]
[SourceVersionDate "2021.10.06"]
[SourceQuality "1"]
[WhiteTeam "Huckarde Westerfilde"]
[BlackTeam "Hervest Dorsten"]
[WhiteTeamCountry "GER"]
[BlackTeamCountry "GER"]

1. e4 c6 2. d4 d5 3. Nd2 dxe4 4. Nxe4 Bf5 5. Ng3 Bg6 6. h4 h6 7. Nf3 Nf6 8. h5 Bh7 9. Bd3 Bxd3 10. Qxd3 e6 11. Ne5 Nbd7 12. f4 Bb4+ 13. Bd2 Bxd2+ 14. Qxd2 0-0 15. 0-0-0 Qc7 16. Kb1 Rfd8 17. Qe2 c5 18. c3 Nd5 19. Rhf1 Qb6 20. Qf3 Rac8 21. c4 N5f6 22. d5 exd5 23. cxd5 c4 24. Nf5 c3 25. Rf2 Re8 26. d6 Nxe5 27. fxe5 Rcd8 28. exf6 g6 29. Ne7+ Kh7 30. hxg6+ fxg6 31. Qg3 Rg8 32. Nxg8 Rxg8 33. Rc2 1-0

[Event "Ruhrgebiet Verbandsklasse Gruppe 1 1617"]
[Site "Germany"]
[Date "2017.01.29"]
[Round "6.4"]
[White "Nowok, Frank"]
[Black "Brendemuehl, Bernd"]
[Result "1/2-1/2"]
[WhiteElo "1920"]
[BlackElo "1849"]
[PlyCount "85"]
[EventDate "2016.09.04"]
[EventType "team-tourn"]
[EventRounds "9"]
[EventCountry "GER"]
[SourceTitle "EXT 2022"]
[Source "ChessBase"]
[SourceDate "2021.10.06"]
[SourceVersion "1"]
[SourceVersionDate "2021.10.06"]
[SourceQuality "1"]
[WhiteTeam "Hervest Dorsten"]
[BlackTeam "Dortmund FS"]
[WhiteTeamCountry "GER"]
[BlackTeamCountry "GER"]

1. c4 f5 2. b4 Nf6 3. Bb2 e6 4. Qb3 Be7 5. g3 0-0 6. Bg2 c6 7. Nh3 d5 8. 0-0 Qe8 9. e3 Nbd7 10. c5 h6 11. Nf4 Qf7 12. d4 a6 13. Nd2 g5 14. Nd3 Ne4 15. Nxe4 fxe4 16. Ne5 Nxe5 17. dxe5 g4 18. a4 Bd7 19. Qd1 Qg6 20. Qe2 h5 21. Rad1 Rad8 22. Qc2 h4 23. Rd2 Rf7 24. f3 gxf3 25. Rxf3 Bg5 26. Rxf7 Qxf7 27. Bd4 hxg3 28. hxg3 Qg6 29. Rf2 Rf8 30. Rxf8+ Kxf8 31. Qf2+ Qf5 32. Bh3 Qxf2+ 33. Kxf2 Ke7 34. Bf1 Be8 35. Be2 Bg6 36. b5 axb5 37. axb5 Kd7 38. Ke1 Be8 39. Kd2 cxb5 40. Bxb5+ Kd8 41. Be2 Kc7 42. Kc3 Be7 43. Bf1 1/2-1/2

[Event "Ruhrgebiet Verbandsklasse Gruppe 1 1617"]
[Site "Germany"]
[Date "2016.09.25"]
[Round "2.4"]
[White "Nowok, Frank"]
[Black "Rohovoy, Dimitrij"]
[Result "0-1"]
[WhiteElo "1918"]
[BlackElo "1912"]
[PlyCount "80"]
[EventDate "2016.09.04"]
[EventType "team-tourn"]
[EventRounds "9"]
[EventCountry "GER"]
[SourceTitle "EXT 2022"]
[Source "ChessBase"]
[SourceDate "2021.10.06"]
[SourceVersion "1"]
[SourceVersionDate "2021.10.06"]
[SourceQuality "1"]
[WhiteTeam "Hervest Dorsten"]
[BlackTeam "Recklinghausen Altstadt"]
[WhiteTeamCountry "GER"]
[BlackTeamCountry "GER"]

1. c4 Nf6 2. g3 g6 3. Bg2 Bg7 4. Nc3 0-0 5. e4 d6 6. d3 c5 7. Nge2 Nc6 8. 0-0 a6 9. a3 Rb8 10. Rb1 Bg4 11. Be3 Qd7 12. b4 b6 13. Qd2 Bh3 14. b5 axb5 15. Rxb5 Bxg2 16. Kxg2 Qa7 17. Rb3 Nd7 18. Bh6 Qa5 19. Rfb1 Nd4 20. Nxd4 cxd4 21. Nd5 Bxh6 22. Qxh6 Rfe8 23. Qg5 Kg7 24. h4 h6 25. Qc1 Nc5 26. Rb5 Qa7 27. Nb4 Qd7 28. Qb2 e5 29. Qc2 f5 30. exf5 Qxf5 31. Qe2 Rf8 32. Rd1 Rbe8 33. Rxb6 e4 34. Qb2 Qf3+ 35. Kh2 Qxd1 36. Qxd4+ Kh7 37. Rxd6 e3 38. fxe3 Rf2+ 39. Kh3 Qf1+ 40. Kg4 h5+ 0-1

[Event "Ruhrgebiet Regionalliga 1516"]
[Site "Germany"]
[Date "2015.12.06"]
[Round "4.6"]
[White "Grodotzki, Kenneth"]
[Black "Nowok, Frank"]
[Result "1-0"]
[WhiteElo "1983"]
[BlackElo "1954"]
[PlyCount "67"]
[EventDate "2015.09.13"]
[EventType "team-tourn"]
[EventRounds "9"]
[EventCountry "GER"]
[SourceTitle "EXT 2022"]
[Source "ChessBase"]
[SourceDate "2021.10.06"]
[SourceVersion "1"]
[SourceVersionDate "2021.10.06"]
[SourceQuality "1"]
[WhiteTeam "Muelheim Nord III"]
[BlackTeam "Gladbeck SG"]
[WhiteTeamCountry "GER"]
[BlackTeamCountry "GER"]

1. f4 d5 2. Nf3 Nc6 3. g3 Bg4 4. d4 Bxf3 5. exf3 e6 6. Be3 a6 7. Qd2 Bb4 8. Nc3 Nge7 9. a3 Ba5 10. b4 Bb6 11. Na4 Nf5 12. c3 Nd6 13. Bd3 Ne7 14. Bf2 Ba7 15. 0-0 Ng6 16. Qe2 Qf6 17. Nc5 h5 18. h4 Bxc5 19. bxc5 Nf5 20. Rab1 Nfxh4 21. Rxb7 Nf5 22. Bxf5 Qxf5 23. Be3 h4 24. g4 Nxf4 25. Qh2 Nh3+ 26. Qxh3 Qd3 27. f4 Kd7 28. Rfb1 Qxc3 29. Qf3 Qxa3 30. f5 Rhf8 31. Rxc7+ Kd8 32. Bg5+ f6 33. Qxa3 Kxc7 34. Bf4+ 1-0

[Event "Ruhrgebiet Verbandsliga Gruppe 1 1415"]
[Site "Germany"]
[Date "2015.03.29"]
[Round "8.6"]
[White "Nowok, Frank"]
[Black "Schmitz, Juergen"]
[Result "1-0"]
[WhiteElo "1892"]
[BlackElo "1878"]
[PlyCount "83"]
[EventDate "2014.09.21"]
[EventType "team-tourn"]
[EventRounds "9"]
[EventCountry "GER"]
[SourceTitle "EXT 2022"]
[Source "ChessBase"]
[SourceDate "2021.10.06"]
[SourceVersion "1"]
[SourceVersionDate "2021.10.06"]
[SourceQuality "1"]
[WhiteTeam "Gladbeck SG"]
[BlackTeam "Steele/Kray Rochade"]
[WhiteTeamCountry "GER"]
[BlackTeamCountry "GER"]

1. c4 f5 2. g3 Nf6 3. Bg2 g6 4. b4 a5 5. Qa4 Bg7 6. Bb2 0-0 7. Nh3 c6 8. d4 Qb6 9. b5 d5 10. 0-0 Ne4 11. e3 h6 12. Rd1 Kh7 13. Nc3 e6 14. Rab1 Qc7 15. Qc2 Qf7 16. Ba3 Re8 17. Na4 Nd7 18. cxd5 cxd5 19. Qc7 Bf8 20. Bxf8 Rxf8 21. Rbc1 g5 22. f3 Nef6 23. Rc2 Ne8 24. Qc3 Nd6 25. Qd3 Nc4 26. e4 Ndb6 27. Nc5 Kh8 28. Rdc1 a4 29. Qc3 Ra5 30. Rb1 Qe8 31. exd5 exd5 32. Re1 Qxb5 33. Rce2 Ra8 34. Qc1 Qc6 35. Nxg5 hxg5 36. Qxg5 Qf6 37. Qh5+ Kg8 38. Re7 Rf7 39. Rxf7 Qxf7 40. Re8+ Kg7 41. Qh8+ Kg6 42. Rg8+ 1-0

[Event "Gelsenkirchen Silvester op 2nd"]
[Site "Gelsenkirchen"]
[Date "2014.12.27"]
[Round "2"]
[White "Nowok, Frank"]
[Black "Heiermann, Ludger"]
[Result "1-0"]
[WhiteElo "1992"]
[BlackElo "1539"]
[PlyCount "69"]
[EventDate "2014.12.27"]
[EventType "swiss"]
[EventRounds "5"]
[EventCountry "GER"]
[SourceTitle "EXT 2019"]
[Source "ChessBase"]
[SourceDate "2018.10.10"]
[SourceVersion "1"]
[SourceVersionDate "2018.10.10"]
[SourceQuality "1"]

1. c4 e5 2. g3 Nc6 3. Bg2 Nf6 4. Nc3 Be7 5. d3 0-0 6. e4 d6 7. Nge2 Be6 8. 0-0 Qd7 9. a3 a5 10. Rb1 Ne8 11. Nd5 Bd8 12. Be3 Ne7 13. Qb3 Qc8 14. d4 Nxd5 15. cxd5 Bd7 16. f4 exf4 17. Bxf4 Nf6 18. Rbc1 Qb8 19. e5 Nh5 20. Bd2 g6 21. Bh6 Ng7 22. Qf3 dxe5 23. dxe5 Qa7+ 24. Kh1 Qb6 25. Qc3 f5 26. Nf4 Rc8 27. Rcd1 c6 28. d6 Qb5 29. Rfe1 Ne6 30. Bf1 Qb6 31. Bxf8 Kxf8 32. Bc4 Kf7 33. Nxe6 Bxe6 34. Bxe6+ Kxe6 35. Qc4+ 1-0

[Event "Ruhrgebiet Verbandsliga Gruppe 1 1415"]
[Site "Germany"]
[Date "2014.11.16"]
[Round "3"]
[White "Nowok, Frank"]
[Black "Schmitz, Edgar"]
[Result "1/2-1/2"]
[WhiteElo "1878"]
[BlackElo "1922"]
[PlyCount "98"]
[EventDate "2014.09.21"]
[EventType "team-tourn"]
[EventRounds "9"]
[EventCountry "GER"]
[SourceTitle "EXT 2022"]
[Source "ChessBase"]
[SourceDate "2021.10.06"]
[SourceVersion "1"]
[SourceVersionDate "2021.10.06"]
[SourceQuality "1"]
[WhiteTeam "Gladbeck SG"]
[BlackTeam "Katernberg SF III"]
[WhiteTeamCountry "GER"]
[BlackTeamCountry "GER"]

1. c4 e5 2. g3 Nf6 3. Bg2 Nc6 4. Nc3 Bb4 5. e3 0-0 6. Nge2 Re8 7. 0-0 a5 8. Qa4 Bf8 9. a3 Ra6 10. Qc2 d6 11. b3 Ne7 12. Bb2 c6 13. Rfd1 Bg4 14. d3 d5 15. Na4 Ng6 16. c5 Nd7 17. f3 Be6 18. Rac1 Ra8 19. Rf1 Qg5 20. f4 Qh5 21. Rf2 Bh3 22. e4 Bxg2 23. Kxg2 Nf6 24. h3 exf4 25. Bxf6 gxf6 26. Nxf4 Qe5 27. Re1 Rad8 28. b4 axb4 29. axb4 Nxf4+ 30. Rxf4 Kh8 31. Qf2 Bg7 32. d4 Qe6 33. Nc3 dxe4 34. Rfxe4 Qd7 35. Rxe8+ Rxe8 36. Rxe8+ Qxe8 37. Qe2 Qd7 38. Qe3 f5 39. Ne2 Kg8 40. Kh2 h6 41. Qf4 Qe7 42. Qf3 Qe6 43. Qd3 Qa2 44. Kg1 Qd5 45. Kf2 h5 46. h4 Kf8 47. Ke3 Qe6+ 48. Kf3 Qd5+ 49. Ke3 Qe6+ 1/2-1/2

[Event "Ruhrgebiet Verbandsliga Gruppe 1 1415"]
[Site "Germany"]
[Date "2014.10.19"]
[Round "2"]
[White "Hampe, Lars"]
[Black "Nowok, Frank"]
[Result "0-1"]
[WhiteElo "1858"]
[BlackElo "1878"]
[PlyCount "46"]
[EventDate "2014.09.21"]
[EventType "team-tourn"]
[EventRounds "9"]
[EventCountry "GER"]
[SourceTitle "EXT 2022"]
[Source "ChessBase"]
[SourceDate "2021.10.06"]
[SourceVersion "1"]
[SourceVersionDate "2021.10.06"]
[SourceQuality "1"]
[WhiteTeam "Hoentrop SG"]
[BlackTeam "Gladbeck SG"]
[WhiteTeamCountry "GER"]
[BlackTeamCountry "GER"]

1. e4 c6 2. f4 d5 3. e5 Bf5 4. Nf3 e6 5. d3 Nd7 6. Be3 Bb4+ 7. c3 Ba5 8. Be2 h6 9. Na3 Ne7 10. Nc2 Qc7 11. Qd2 Bb6 12. 0-0-0 c5 13. h3 Nc6 14. g4 Bh7 15. d4 Be4 16. Rhg1 0-0-0 17. f5 Kb8 18. fxe6 fxe6 19. dxc5 Bxc5 20. Nfd4 Nxd4 21. Nxd4 Qb6 22. b4 Rc8 23. Qb2 Bxb4 0-1

[Event "Gelsenkirchen Silvester op 1st"]
[Site "Gelsenkirchen"]
[Date "2013.12.29"]
[Round "4"]
[White "Nowok, Frank"]
[Black "Rodemann, Edmund"]
[Result "1-0"]
[WhiteElo "1861"]
[BlackElo "2025"]
[PlyCount "79"]
[EventDate "2013.12.27"]
[EventType "swiss"]
[EventRounds "5"]
[EventCountry "GER"]
[SourceTitle "EXT 2019"]
[Source "ChessBase"]
[SourceDate "2018.10.10"]
[SourceVersion "1"]
[SourceVersionDate "2018.10.10"]
[SourceQuality "1"]

1. c4 f5 2. g3 Nf6 3. Bg2 d6 4. Nc3 g6 5. d4 Bg7 6. Nf3 0-0 7. Bf4 Nh5 8. Qb3 Nxf4 9. gxf4 c6 10. 0-0-0 e6 11. h4 d5 12. h5 Nd7 13. Rdg1 Rf6 14. Bf1 gxh5 15. Rxh5 Rg6 16. Rgh1 h6 17. Nd1 Rb8 18. Ne5 Nxe5 19. fxe5 dxc4 20. Qxc4 Qd5 21. Ne3 Qxc4+ 22. Nxc4 Bd7 23. R5h3 Bf8 24. Nd2 Rc8 25. e4 fxe4 26. Nxe4 Kf7 27. Be2 Ke7 28. Bh5 Rg8 29. Rf3 Kd8 30. Rf7 Rh8 31. Nc5 Rc7 32. Bg4 Bxc5 33. dxc5 Bc8 34. Rd1+ Rd7 35. Rfxd7+ Bxd7 36. Bxe6 Rh7 37. f4 h5 38. f5 h4 39. f6 Ke8 40. f7+ 1-0

[Event "NRW Verbandsliga Group1 1314"]
[Site "Nordrheinwestfalen"]
[Date "2013.09.08"]
[Round "1"]
[White "Nowok, Frank"]
[Black "Nowak, Steven"]
[Result "1-0"]
[WhiteElo "1856"]
[BlackElo "1877"]
[PlyCount "121"]
[EventDate "2013.09.08"]
[EventType "team-tourn"]
[EventRounds "9"]
[EventCountry "GER"]
[SourceTitle "EXT 2020"]
[Source "ChessBase"]
[SourceDate "2019.10.17"]
[SourceVersion "1"]
[SourceVersionDate "2019.10.17"]
[SourceQuality "1"]
[WhiteTeam "Gladbeck SG"]
[BlackTeam "Bottrop SV"]
[WhiteTeamCountry "GER"]
[BlackTeamCountry "GER"]

1. c4 Nf6 2. g3 c6 3. Bg2 d5 4. Nf3 g6 5. b3 Bg7 6. Bb2 0-0 7. 0-0 Qb6 8. Nc3 dxc4 9. Na4 Qc7 10. bxc4 Nbd7 11. c5 e5 12. Rc1 h6 13. Qb3 Nh5 14. Nh4 Kh7 15. Rfd1 Ndf6 16. Nc3 Be6 17. Qa4 Rfd8 18. e3 Nd5 19. Ne4 f5 20. Nd6 b6 21. d4 b5 22. Qa3 e4 23. Bf1 Rf8 24. Be2 Nhf6 25. Bc3 g5 26. Nhxf5 Nxc3 27. Rxc3 Bxf5 28. Nxf5 Nd5 29. Nxg7 b4 30. Qa6 Qf7 31. Rf1 Nxc3 32. Nh5 Nxe2+ 33. Qxe2 Qf3 34. Qxf3 Rxf3 35. g4 Rff8 36. Ng3 Rfe8 37. Nf5 a5 38. Nd6 Re7 39. Rb1 Rb8 40. Nc4 Ra7 41. Kf1 Rf8 42. Nd6 Re7 43. Ke2 Rb8 44. Nc4 Rf8 45. Nd2 Kg6 46. Nc4 Kf6 47. Rb2 Ra8 48. f3 exf3+ 49. Kxf3 Ke6 50. Ke2 Rb7 51. Kd3 Rf7 52. Ne5 Rc7 53. Kc4 Ke7 54. Rf2 Rg8 55. Rf7+ Kd8 56. Rf6 Rh8 57. Nxc6+ Rxc6 58. Rxc6 Re8 59. Kd3 a4 60. Ra6 b3 61. axb3 1-0

[Event "Ruhrgebiet Verbandsliga2 1213"]
[Site "Nordrheinwestfalen"]
[Date "2013.04.07"]
[Round "8"]
[White "Orhan, Zilan"]
[Black "Nowok, Frank"]
[Result "0-1"]
[WhiteElo "1844"]
[BlackElo "1852"]
[PlyCount "38"]
[EventDate "2012.09.02"]
[EventType "team-tourn"]
[EventRounds "9"]
[EventCountry "GER"]
[SourceTitle "EXT 2020"]
[Source "ChessBase"]
[SourceDate "2019.10.17"]
[SourceVersion "1"]
[SourceVersionDate "2019.10.17"]
[SourceQuality "1"]
[WhiteTeam "Bochum SG III"]
[BlackTeam "Gladbeck SG"]
[WhiteTeamCountry "GER"]
[BlackTeamCountry "GER"]

1. d4 g6 2. Nf3 Bg7 3. g3 b6 4. Bg2 Bb7 5. 0-0 Nf6 6. c4 0-0 7. Nc3 d5 8. Ne5 e6 9. Bf4 a6 10. Qa4 Nh5 11. Be3 c5 12. g4 cxd4 13. Bxd4 Nf4 14. cxd5 Nxg2 15. Kxg2 b5 16. Qd1 b4 17. Na4 Qxd5+ 18. f3 Bxe5 19. Nb6 Qxd4 0-1

[Event "Ruhrgebiet Verbandsliga2 1213"]
[Site "Nordrheinwestfalen"]
[Date "2013.02.24"]
[Round "7.8"]
[White "Nowok, Frank"]
[Black "Fitz, Bernd"]
[Result "1-0"]
[WhiteElo "1852"]
[BlackElo "1655"]
[PlyCount "75"]
[EventDate "2012.09.02"]
[EventType "team-tourn"]
[EventRounds "9"]
[EventCountry "GER"]
[SourceTitle "EXT 2020"]
[Source "ChessBase"]
[SourceDate "2019.10.17"]
[SourceVersion "1"]
[SourceVersionDate "2019.10.17"]
[SourceQuality "1"]
[WhiteTeam "Gladbeck SG"]
[BlackTeam "Hoentrop SG"]
[WhiteTeamCountry "GER"]
[BlackTeamCountry "GER"]

1. e4 e6 2. d3 d5 3. Nd2 Nf6 4. Qe2 Be7 5. g3 0-0 6. Bg2 dxe4 7. dxe4 c6 8. Ngf3 Nbd7 9. e5 Nd5 10. 0-0 Qc7 11. a3 a5 12. c4 N5b6 13. Re1 Rd8 14. Nf1 Nc5 15. Bg5 Bxg5 16. Nxg5 Qe7 17. h4 h6 18. Nh3 Nb3 19. Rad1 Nd4 20. Qe4 c5 21. Ne3 Rb8 22. b4 axb4 23. axb4 Bd7 24. b5 Be8 25. Ra1 Nb3 26. Rad1 Nd4 27. Bf1 Na4 28. Qg4 f5 29. exf6 Qxf6 30. Bg2 Nc3 31. Rc1 h5 32. Qf4 Qxf4 33. Nxf4 e5 34. Rxc3 exf4 35. gxf4 Bf7 36. Nd5 Nf5 37. Ne7+ Kf8 38. Nxf5 1-0

[Event "Ruhrgebiet Verbandsliga2 1213"]
[Site "Nordrheinwestfalen"]
[Date "2013.01.13"]
[Round "5.8"]
[White "Nowok, Frank"]
[Black "Grodotzki, Kenneth"]
[Result "1-0"]
[WhiteElo "1852"]
[BlackElo "1860"]
[PlyCount "101"]
[EventDate "2012.09.02"]
[EventType "team-tourn"]
[EventRounds "9"]
[EventCountry "GER"]
[SourceTitle "EXT 2020"]
[Source "ChessBase"]
[SourceDate "2019.10.17"]
[SourceVersion "1"]
[SourceVersionDate "2019.10.17"]
[SourceQuality "1"]
[WhiteTeam "Gladbeck SG"]
[BlackTeam "Muelheim Nord III"]
[WhiteTeamCountry "GER"]
[BlackTeamCountry "GER"]

1. c4 f5 2. Nc3 Nf6 3. g3 g6 4. Bg2 Bg7 5. d4 d6 6. Nf3 0-0 7. Qb3 Kh8 8. 0-0 Na6 9. Ng5 c6 10. Rd1 Qe8 11. Qa3 h6 12. Nf3 Qf7 13. c5 Ne4 14. cxd6 exd6 15. Be3 g5 16. d5 Nxc3 17. bxc3 c5 18. Rab1 Nc7 19. Ne1 b5 20. Qb3 Qf6 21. c4 bxc4 22. Qxc4 Ba6 23. Qc2 f4 24. gxf4 gxf4 25. Bc1 Rab8 26. Rxb8 Rxb8 27. Nd3 Qg6 28. Kh1 Bxd3 29. exd3 Qf5 30. Be4 Qf7 31. Rg1 Nb5 32. Qb3 Rb7 33. Qd1 Nd4 34. f3 Be5 35. Rg6 Nf5 36. Qg1 Bg7 37. Qg4 Rb1 38. Bxf5 Rxc1+ 39. Kg2 Rc2+ 40. Kh3 Rxa2 41. Qh5 Re2 42. Rxh6+ Kg8 43. Be6 Rxe6 44. dxe6 Qb7 45. Qf7+ Qxf7 46. exf7+ Kxf7 47. Rxd6 a5 48. Rd7+ Kg6 49. Ra7 Bc3 50. Kg4 Bd2 51. h4 1-0

[Event "Ruhrgebiet Verbandsliga2 1213"]
[Site "Nordrheinwestfalen"]
[Date "2012.10.28"]
[Round "3.7"]
[White "Pruefer, Wolfgang"]
[Black "Nowok, Frank"]
[Result "1-0"]
[WhiteElo "1993"]
[BlackElo "1852"]
[PlyCount "107"]
[EventDate "2012.09.02"]
[EventType "team-tourn"]
[EventRounds "9"]
[EventCountry "GER"]
[SourceTitle "EXT 2020"]
[Source "ChessBase"]
[SourceDate "2019.10.17"]
[SourceVersion "1"]
[SourceVersionDate "2019.10.17"]
[SourceQuality "1"]
[WhiteTeam "Oberhausen SV II"]
[BlackTeam "Gladbeck SG"]
[WhiteTeamCountry "GER"]
[BlackTeamCountry "GER"]

1. d4 e6 2. Bf4 Nf6 3. e3 b6 4. Nf3 Bb7 5. Bd3 Be7 6. h3 d6 7. Nbd2 Nbd7 8. Bh2 0-0 9. Qe2 d5 10. Ba6 Bxa6 11. Qxa6 Ne8 12. e4 dxe4 13. Nxe4 Ndf6 14. Nxf6+ Nxf6 15. 0-0 Qd5 16. Rfe1 Bd6 17. Be5 Nd7 18. Rad1 Nb8 19. Qd3 Nc6 20. c4 Nxe5 21. dxe5 Qxd3 22. Rxd3 Bc5 23. Red1 a5 24. Rd7 c6 25. Ng5 b5 26. Ne4 Bb6 27. c5 Bd8 28. R1d6 Rc8 29. Ra7 a4 30. Rdd7 Rb8 31. g3 h5 32. h4 Kh7 33. Nd6 Kg6 34. Kg2 a3 35. b4 Kh6 36. Nxf7+ Kg6 37. Nd6 Rg8 38. Rxa3 Kh6 39. Rd3 Kg6 40. Nb7 Bxh4 41. gxh4 Kf5 42. Na5 Rbc8 43. Rf7+ Kg6 44. Rdd7 Kh6 45. Rfe7 Rcf8 46. Rxe6+ Kh7 47. Rf6 Re8 48. Nxc6 Kh8 49. Rf5 Kh7 50. Ne7 Rxe7 51. Rxe7 Rd8 52. c6 Rd1 53. c7 Rc1 54. Rf8 1-0

[Event "Ruhrgebiet Verbandsliga2 1112"]
[Site "Nordrheinwestfalen"]
[Date "2012.03.04"]
[Round "7.8"]
[White "Nowok, Frank"]
[Black "Van Foreest, Lucas"]
[Result "0-1"]
[WhiteElo "1898"]
[BlackElo "2005"]
[PlyCount "110"]
[EventDate "2011.09.18"]
[EventType "team-tourn"]
[EventRounds "9"]
[EventCountry "GER"]
[SourceTitle "EXT 2020"]
[Source "ChessBase"]
[SourceDate "2019.10.17"]
[SourceVersion "1"]
[SourceVersionDate "2019.10.17"]
[SourceQuality "1"]
[WhiteTeam "Gladbeck SG"]
[BlackTeam "Recklinghausen Altstadt"]
[WhiteTeamCountry "GER"]
[BlackTeamCountry "GER"]

1. Nf3 d5 2. b3 c5 3. e3 Nc6 4. Bb2 Nf6 5. Bb5 e6 6. 0-0 Bd6 7. Ne5 Qe7 8. f4 0-0 9. Nf3 Nd7 10. Nc3 a6 11. Bd3 Nf6 12. Nh4 Nb4 13. Be2 d4 14. Nb1 Nbd5 15. c4 Nb4 16. a3 Nc6 17. Qe1 g5 18. Qg3 Ne4 19. Qg4 f5 20. Qh5 gxh4 21. d3 Nf6 22. Qxh4 Bd7 23. Qg5+ Kh8 24. Rf3 Be8 25. Rg3 Bg6 26. Nd2 Ng8 27. Rh3 Qf7 28. Nf3 Be7 29. Qg3 Bf6 30. Nh4 Bxh4 31. Rxh4 Nf6 32. Re1 Rg8 33. Qf2 Rad8 34. Bf3 Rd7 35. Qd2 Qe7 36. Rh3 Re8 37. Qf2 Ng4 38. Qg3 Qg7 39. Rh4 Nf6 40. Qf2 a5 41. Bxc6 bxc6 42. exd4 cxd4 43. Bxd4 Red8 44. Bb6 Rb8 45. Rh3 Ng4 46. Qc5 Rdb7 47. Bxa5 Rxb3 48. Bb4 Rd8 49. d4 Rxh3 50. gxh3 Nf6 51. Qb6 Bh5+ 52. Kf1 Rg8 53. Kf2 Ne4+ 54. Ke3 Qg3+ 55. hxg3 Rxg3# 0-1

[Event "Ruhrgebiet Verbandsliga2 1112"]
[Site "Nordrheinwestfalen"]
[Date "2012.02.12"]
[Round "6.8"]
[White "Gregoritsch, Dirk"]
[Black "Nowok, Frank"]
[Result "1-0"]
[WhiteElo "1828"]
[BlackElo "1898"]
[PlyCount "89"]
[EventDate "2011.09.18"]
[EventType "team-tourn"]
[EventRounds "9"]
[EventCountry "GER"]
[SourceTitle "EXT 2020"]
[Source "ChessBase"]
[SourceDate "2019.10.17"]
[SourceVersion "1"]
[SourceVersionDate "2019.10.17"]
[SourceQuality "1"]
[WhiteTeam "Doppelbauer Brambauer"]
[BlackTeam "Gladbeck SG"]
[WhiteTeamCountry "GER"]
[BlackTeamCountry "GER"]

1. d4 Nf6 2. Nf3 e6 3. g3 b6 4. Bg2 Bb7 5. c4 c5 6. d5 exd5 7. Nh4 g6 8. Nc3 a6 9. Nxd5 Nxd5 10. Bxd5 Nc6 11. Bd2 Bg7 12. Qc1 Qe7 13. Bg5 f6 14. Be3 d6 15. Qd2 Ne5 16. Nf3 0-0-0 17. 0-0-0 Rhe8 18. h3 Nc6 19. Kb1 Kb8 20. a3 Qd7 21. g4 g5 22. Qc2 h6 23. Rd2 Na5 24. Bxb7 Kxb7 25. b4 cxb4 26. axb4 Nc6 27. Qb3 Kb8 28. Bxb6 Rc8 29. Bc5 Bf8 30. Rhd1 Re6 31. Ra2 Qb7 32. Nd4 Re4 33. Nxc6+ Rxc6 34. f3 Rf4 35. Bd4 f5 36. b5 fxg4 37. hxg4 Rxd4 38. Rxd4 Rb6 39. Rd5 Qc8 40. Kc2 Bg7 41. Rxa6 Qc7 42. Qa4 Rxa6 43. bxa6 Ka8 44. Qb5 Be5 45. c5 1-0

[Event "Ruhrgebiet Verbandsliga2 1011"]
[Site "Nordrheinwestfalen"]
[Date "2011.04.10"]
[Round "9.7"]
[White "Volbracht, Michael"]
[Black "Nowok, Frank"]
[Result "1/2-1/2"]
[WhiteElo "1775"]
[BlackElo "1859"]
[PlyCount "38"]
[EventDate "2010.09.12"]
[EventType "team-tourn"]
[EventRounds "9"]
[EventCountry "GER"]
[SourceTitle "EXT 2020"]
[Source "ChessBase"]
[SourceDate "2019.10.17"]
[SourceVersion "1"]
[SourceVersionDate "2019.10.17"]
[SourceQuality "1"]
[WhiteTeam "Welper SV"]
[BlackTeam "Gladbeck SG"]
[WhiteTeamCountry "GER"]
[BlackTeamCountry "GER"]

1. e4 c5 2. Nf3 b6 3. d4 cxd4 4. Nxd4 Bb7 5. Nc3 a6 6. Be2 e6 7. 0-0 Qc7 8. Bf3 d6 9. Be3 Nd7 10. Re1 Be7 11. Be2 Ngf6 12. f3 0-0 13. Qd2 Rfe8 14. Rad1 Rac8 15. Bf1 Qb8 16. Qf2 Bd8 17. a3 Bc7 18. g3 Qa8 19. Nb3 Bc6 1/2-1/2